| 000 | 00621nam a2200217Ia 4500 | ||
|---|---|---|---|
| 005 | 20250425162834.0 | ||
| 008 | 250425s9999 xx 000 0 und d | ||
| 020 | _a9789352806881 | ||
| 041 | _aeng | ||
| 082 |
_a658.3 _pRAI |
||
| 100 | _aRaina, Ratan | ||
| 245 | 0 |
_aChange management and organizational development _cRatan Raina |
|
| 260 |
_aLos Angeles _bSAGE TEXTS _c2018 |
||
| 300 |
_aIncluye índice _bgráficos _c25 cm. |
||
| 630 | _aDesarrollo organizacional | ||
| 630 | _aHuman process intervention | ||
| 630 | _aOrganizational development | ||
| 902 |
_aLibro _cImpreso |
||
| 942 | _c01 | ||
| 010 | _a112321 | ||
| 999 |
_c237489 _d237489 |
||